00528nam a2200121Ia 4500008004100000245021500041260003500256260000900291300000800300500001900308650001300327856006600340170516s9999 xx 000 0 und d aApplication of a convenient and cost‑effective granulation technology for the formulation of tablets using conventional excipients Nidhi Prakash Sapkal, Vaishali A. Kilor, Minal Nandkumar Bonde, Anwar S. Daud bAsian Journal of Pharmaceutics c2014 a8:3 aJuly-September xPharmacy uhttp://www.asiapharmaceutics.info/index.php/ajp/issue/view/49